[Event "Rutas de Cuenca op 6th"]
[Site "Cuenca"]
[Date "2019.07.19"]
[Round "2"]
[White "Moya de la Flor, Daniel"]
[Black "Barrios Munoz, Rafael Carlos"]
[Result "0-1"]
[WhiteElo "1895"]
[BlackElo "2052"]
[PlyCount "86"]
[EventDate "2019.07.19"]
[EventType "swiss"]
[EventRounds "7"]
[EventCountry "ESP"]
[SourceTitle "CBM 195 Extra"]
[Source "ChessBase"]
[SourceDate "2020.05.31"]
[SourceVersion "1"]
[SourceVersionDate "2020.05.31"]
[SourceQuality "1"]

1. e4 e5 2. Nf3 Nc6 3. d4 exd4 4. Nxd4 Nf6 5. Nxc6 bxc6 6. e5 Qe7 7. Qe2 Nd5 8. c4 Ba6 9. b3 0-0-0 10. Bb2 f6 11. Nd2 fxe5 12. 0-0-0 Nb6 13. Qxe5 Qxe5 14. Bxe5 Ba3+ 15. Kc2 Rhf8 16. Bg3 d5 17. c5 Bxf1 18. cxb6 Bxg2 19. bxc7 Rd7 20. Rhe1 Bh3 21. b4 Bxb4 22. Rb1 Bf5+ 23. Ne4 Bxe4+ 24. Rxe4 dxe4 25. Rxb4 Rxc7 26. Rxe4 Rd7 27. Rb4 Rb7 28. Rc4 Rf6 29. a4 a5 30. Rc5 Ra7 31. Re5 Kd7 32. Re3 c5 33. Kc3 Rb7 34. Bh4 Re6 35. Rd3+ Rd6 36. Rf3 Kc6 37. Bg3 Rf6 38. Re3 Rd7 39. Re8 Rf3+ 40. Kc2 Ra3 41. Re6+ Kd5 42. Re5+ Kc4 43. f4 Rxa4 0-1

[Event "ESP-ch rapid"]
[Site "Linares"]
[Date "2016.08.14"]
[Round "7"]
[White "Jimenez Martinez, Jose Vicente"]
[Black "Barrios Munoz, Rafael Carlos"]
[Result "1-0"]
[WhiteElo "2329"]
[BlackElo "2026"]
[PlyCount "46"]
[EventDate "2016.08.14"]
[EventType "swiss (rapid)"]
[EventRounds "9"]
[EventCountry "ESP"]
[SourceTitle "CBM 173 Extra"]
[Source "ChessBase"]
[SourceDate "2016.08.29"]
[SourceVersion "1"]
[SourceVersionDate "2016.08.29"]
[SourceQuality "1"]

1. d4 Nf6 2. c4 e6 3. Nc3 Bb4 4. a3 c5 5. dxc5 Na6 6. Qd4 Bxc3+ 7. Qxc3 Nxc5 8. Bg5 Nce4 9. Bxf6 Qxf6 10. Qxf6 Nxf6 11. Nf3 b6 12. e3 Bb7 13. Be2 Rc8 14. 0-0 d6 15. Nd4 Ke7 16. f3 d5 17. cxd5 Nxd5 18. Kf2 Rhd8 19. g3 e5 20. Nf5+ Kf6 21. e4 Rc2 22. Rad1 Ba6 23. Rfe1 Rxb2 1-0

[Event "ESP-ch rapid"]
[Site "Linares"]
[Date "2016.08.14"]
[Round "3"]
[White "Suarez Uriel, Adrian"]
[Black "Barrios Munoz, Rafael Carlos"]
[Result "1-0"]
[WhiteElo "2311"]
[BlackElo "2026"]
[PlyCount "97"]
[EventDate "2016.08.14"]
[EventType "swiss (rapid)"]
[EventRounds "9"]
[EventCountry "ESP"]
[SourceTitle "CBM 173 Extra"]
[Source "ChessBase"]
[SourceDate "2016.08.29"]
[SourceVersion "1"]
[SourceVersionDate "2016.08.29"]
[SourceQuality "1"]

1. e4 e5 2. Nf3 Nc6 3. Bc4 Nf6 4. d3 Bc5 5. c3 d6 6. 0-0 Bb6 7. a4 a6 8. Na3 0-0 9. Nc2 Be6 10. Qe2 Bxc4 11. dxc4 Nd7 12. b4 a5 13. Rd1 Qe7 14. c5 dxc5 15. b5 Nd4 16. cxd4 cxd4 17. Qc4 Qf6 18. Nce1 Qg6 19. Qd5 Rad8 20. Ba3 Rfe8 21. Nd3 c6 22. bxc6 bxc6 23. Qb3 Bc7 24. Re1 Rb8 25. Qc2 Bb6 26. Rac1 c5 27. Qa2 Qc6 28. Rc4 Qe6 29. Qc2 h6 30. Bxc5 Nxc5 31. Nxc5 Bxc5 32. Rxc5 Rec8 33. Rc1 Rxc5 34. Qxc5 f6 35. Qxa5 Kh7 36. h4 Qg4 37. Qe1 Rb3 38. Qd1 Ra3 39. Ra1 Rxa1 40. Qxa1 Qxe4 41. a5 d3 42. a6 Qa8 43. Nd2 e4 44. a7 f5 45. Qa5 Kg6 46. Qb6+ Kh5 47. g3 Qc8 48. Kg2 Qc3 49. a8Q 1-0

[Event "ESP-ch 80th"]
[Site "Linares"]
[Date "2015.08.23"]
[Round "1"]
[White "Barrios Munoz, Rafael Carlos"]
[Black "Del Rio de Angelis, Salvador Gabriel"]
[Result "0-1"]
[WhiteElo "2139"]
[BlackElo "2511"]
[PlyCount "130"]
[EventDate "2015.08.23"]
[EventType "swiss"]
[EventRounds "9"]
[EventCountry "ESP"]
[SourceTitle "EXT 2016"]
[Source "ChessBase"]
[SourceDate "2015.10.08"]
[SourceVersion "1"]
[SourceVersionDate "2015.10.08"]
[SourceQuality "1"]

1. e4 c5 2. Nf3 e6 3. Qe2 Nc6 4. d3 d6 5. g3 Nf6 6. Bg2 Be7 7. 0-0 0-0 8. c3 Bd7 9. Nbd2 Qb6 10. Re1 Rfd8 11. h3 Be8 12. Nf1 Qa6 13. N1h2 Rac8 14. Bg5 h6 15. Bf4 Bf8 16. g4 Ne7 17. Bf1 Ng6 18. Bg3 b5 19. Nh4 Nxh4 20. Bxh4 Be7 21. Bg3 c4 22. d4 d5 23. e5 Ne4 24. a3 Nxg3 25. fxg3 Qb6 26. Nf3 a5 27. Ra2 Ra8 28. Rea1 Qb7 29. Qd2 b4 30. axb4 axb4 31. Be2 Rxa2 32. Rxa2 Ra8 33. Rxa8 Qxa8 34. cxb4 Qb7 35. Bd1 Bxb4 36. Qc1 Qa7 37. Bc2 Kf8 38. Kf2 Ke7 39. g5 hxg5 40. Qxg5+ Kd7 41. Qc1 f6 42. Ke3 Kd8 43. g4 fxe5 44. Nxe5 Be7 45. Nf3 e5 46. Qd1 exd4+ 47. Nxd4 Bf6 48. b3 cxb3 49. Bxb3 Qc5 50. g5 Bxg5+ 51. Kf3 Bd7 52. Kg2 Bf6 53. Nf3 d4 54. Ba4 Bc8 55. Qe1 Bb7 56. Qe8+ Kc7 57. Qd7+ Kb6 58. Qe6+ Ka7 59. Qa2 Qg5+ 60. Kf1 Qa5 61. Nd2 Bh4 62. Ke2 Qh5+ 63. Kd3 Ba6+ 64. Nc4 Bf6 65. Qg2 Qf5+ 0-1

[Event "Almansa op 7th"]
[Site "Almansa"]
[Date "2012.08.12"]
[Round "9"]
[White "Barrios Munoz, Rafael Carlos"]
[Black "Mingarro Carceller, Sergi"]
[Result "0-1"]
[WhiteElo "2166"]
[BlackElo "2158"]
[PlyCount "106"]
[EventDate "2012.08.07"]
[EventType "swiss"]
[EventRounds "9"]
[EventCountry "ESP"]
[SourceTitle "CBM 149 Extra"]
[Source "ChessBase"]
[SourceDate "2012.08.24"]
[SourceVersion "1"]
[SourceVersionDate "2012.08.24"]
[SourceQuality "1"]

1. d4 e6 2. Nf3 Nf6 3. Bg5 c5 4. e3 Qb6 5. Qc1 Nc6 6. c3 d5 7. Bd3 Bd7 8. 0-0 Rc8 9. Bxf6 gxf6 10. Re1 f5 11. Nbd2 Bd6 12. dxc5 Bxc5 13. Nb3 Be7 14. Qd2 0-0 15. Qe2 e5 16. Bb5 e4 17. Nfd4 Nxd4 18. Nxd4 Be6 19. Red1 a6 20. Ba4 Qd6 21. g3 Qe5 22. Rd2 Rc5 23. Bb3 Rfc8 24. Rad1 b5 25. a3 Kh8 26. Nc2 a5 27. Kh1 Bf8 28. Qh5 Be7 29. Nd4 b4 30. axb4 axb4 31. f4 Qf6 32. cxb4 Rc1 33. b5 Bb4 34. Rxc1 Rxc1+ 35. Rd1 Rc8 36. Qe2 Qe7 37. Nc6 Qc5 38. Kg2 Rc7 39. Rd4 Rxc6 40. bxc6 Ba5 41. Qc2 Qd6 42. Ra4 Bb6 43. Qc3+ d4 44. exd4 Bxb3 45. d5+ f6 46. Ra8+ Kg7 47. Qxb3 Qc5 48. Rb8 Qf2+ 49. Kh3 Qf1+ 50. Kh4 Qe2 51. Rg8+ Kxg8 52. h3 Kg7 53. Qb4 Kg6 0-1

[Event "Seville op 35th"]
[Site "Seville"]
[Date "2010.01.12"]
[Round "5"]
[White "Barrios Munoz, Rafael Carlos"]
[Black "Ivanov, Jordan"]
[Result "0-1"]
[WhiteElo "2152"]
[BlackElo "2409"]
[PlyCount "104"]
[EventDate "2010.01.08"]
[EventType "swiss"]
[EventRounds "9"]
[EventCountry "ESP"]
[SourceTitle "CBM 134 Extra"]
[Source "ChessBase"]
[SourceDate "2010.03.03"]
[SourceVersion "1"]
[SourceVersionDate "2010.03.03"]
[SourceQuality "1"]

1. e4 c5 2. Nf3 e6 3. c4 Nc6 4. d4 cxd4 5. Nxd4 Nf6 6. Nxc6 bxc6 7. Nc3 e5 8. Be3 d6 9. Be2 Be6 10. 0-0 Be7 11. Qa4 Qd7 12. Rfd1 0-0 13. Rd2 Qb7 14. Qd1 Rfd8 15. Bg5 Ne8 16. Bxe7 Qxe7 17. b4 Nf6 18. a4 a5 19. b5 Rac8 20. Rb1 cxb5 21. Rxb5 Bxc4 22. Bxc4 Rxc4 23. Nd5 Nxd5 24. Rbxd5 Qc7 25. Qg4 Rxa4 26. h4 h5 27. Qf5 Qe7 28. g3 g6 29. Qg5 Qxg5 30. hxg5 Rxe4 31. Rxa5 Rg4 32. Kh2 Kg7 33. f3 Rxg5 34. f4 Rf5 35. fxe5 Re8 36. Rxd6 Rexe5 37. Ra2 Re3 38. Rd7 Rff3 39. Rg2 Re1 40. Rc2 Rff1 41. Rdd2 Kh6 42. Ra2 Kg5 43. Ra5+ f5 44. Rda2 Rf3 45. Rc2 Re4 46. Ra6 Rg4 47. Rg2 Kh6 48. Rf6 Re3 49. Ra6 h4 50. gxh4 Rxg2+ 51. Kxg2 Kh5 52. Rf6 Re4 0-1

[Event "Seville op 33rd"]
[Site "Seville"]
[Date "2008.01.09"]
[Round "6"]
[White "Barrios Munoz, Rafael Carlos"]
[Black "Teran Alvarez, Ismael"]
[Result "0-1"]
[WhiteElo "2138"]
[BlackElo "2404"]
[PlyCount "76"]
[EventDate "2008.01.05"]
[EventType "swiss"]
[EventRounds "9"]
[EventCountry "ESP"]
[SourceTitle "CBM 122 Extra"]
[Source "ChessBase"]
[SourceDate "2008.03.04"]
[SourceVersion "1"]
[SourceVersionDate "2008.03.04"]
[SourceQuality "1"]

1. d4 Nf6 2. Bg5 e6 3. e4 c5 4. Bxf6 Qxf6 5. Nf3 cxd4 6. Qxd4 Qxd4 7. Nxd4 a6 8. Nd2 Nc6 9. Nxc6 bxc6 10. Nc4 Rb8 11. e5 f6 12. f4 g5 13. fxg5 fxe5 14. Be2 d5 15. Bh5+ Kd7 16. Nxe5+ Kc7 17. 0-0-0 Bg7 18. Rde1 Rf8 19. b3 Rb7 20. Nd3 Kd6 21. Rhf1 Rxf1 22. Rxf1 e5 23. Ne1 e4 24. h3 a5 25. Rf7 Rxf7 26. Bxf7 Be5 27. g6 hxg6 28. Bxg6 Bg3 29. Kd1 Ke5 30. c3 c5 31. Nc2 d4 32. Bf7 Bb7 33. cxd4+ cxd4 34. Bh5 Ba6 35. Na3 Bf1 36. Nc4+ Kf4 37. Nxa5 d3 38. Nc4 e3 0-1